Statistics for Name That Disney Prince

Click here to take the quiz!

General Stats

  • This quiz has been taken 8,115 times
    (7,931 since last reset)
  • The average score is 9 of 14

Answer Stats

HintAnswer% Correct
AladdinAladdin
90%
The Little MermaidPrince Eric
88%
The Lion KingSimba
88%
Beauty and the BeastBeast
85%
TangledEugene
84%
HerculesHercules
84%
PocahontasJohn Smith
84%
CinderellaPrince Charming
83%
Sleeping BeautyPrince Phillip
58%
The Princess and the FrogPrince Naveen
57%
MulanLi Shang
49%
The Emperor's New GrooveEmperor Kuzco
44%
Snow WhiteThe Prince/Florian
34%
EnchantedPrince Edward
20%

Score Distribution

Percentile by Number Answered

Percent of People with Each Score

Your Score History

You have not taken this quiz since the last reset